MARC

LEADER 00000nam0a2200000 4500
001 310612
005 20231102002314.0
020 |a RU  |b 82-5882 
035 |a (RuTPU)RU\TPU\book\335962 
090 |a 310612 
100 |a 20151126d1981 km y0rusy5003 ca 
101 0 |a rus 
102 |a UA 
105 |a a z 001zy 
200 1 |a Отражение динамики земной коры континентального типа в гравитационном поле. (Гравитационное моделирование структур земной коры континентального типа)  |f С. С. Красовский 
210 |a Киев  |c Наукова думка  |d 1981 
215 |a 264 с.  |c ил.  |e 3 л. ил. 
320 |a Библиогр.: с. 238-262 
606 1 |a Гравиметрическая разведка  |x (геология)  |2 stltpush  |3 (RuTPU)RU\TPU\subj\39184  |9 59373 
610 1 |a Земная кора 
610 1 |a гравиметрические наблюдения 
610 1 |a наблюдения 
610 1 |a динамика 
610 1 |a гравитационные поля 
610 1 |a верхняя мантия 
610 1 |a гравиметрия 
610 1 |a глубинные структуры 
610 1 |a гравитационное моделирование 
610 1 |a методика 
610 1 |a градиентные структуры 
675 |a 551.14.001.57  |z rus 
700 1 |a Красовский  |b С. С.  |g Сергей Сергеевич  |4 070 
712 0 2 |a Академия наук Украинской ССР (АН УССР)  |b Институт геофизики (ИГФ)  |c (Киев)  |2 stltpush  |3 (RuTPU)RU\TPU\col\13865 
801 0 |a RU  |b RuMRKP  |c 19950704  |g psbo 
801 1 |a RU  |b 63413507  |c 20151126 
801 2 |a RU  |b 63413507  |c 20191010  |g RCR 
942 |c BK